00366 a2200097 4500001001000000005001700010008004100027245011600068100002100184773006300205ART_1042020260410161848.0260409a 10aLas consecuencias de la competencia de transportes sobre la hegemonía británica en la Argentina (1919-1939)1 aSkupch, Pedro R.0 tEconómicag- Año XVII, Nº 1 (ene./abr. 1971)wREV7541